00350nam a2200109Ia 4500008004100000082001300041082000800054245012500062245002200187260002200209300000900231231017s9999 xx 000 0 und d a620.1126 bSOB 0aFatigue Durability of Stabilized Recycled Aggregate Base Course Containing Fly Ash and Waste-Plastic Strip Reinforcement 0cDr. Khaled Sobhan bDr. Khaled Sobhan c30cm